| 000 | 00683nam a2200241Ia 4500 | ||
|---|---|---|---|
| 003 | GCL | ||
| 008 | 140319s9999 xx 000 0 ara d | ||
| 040 |
_aGCL / _cGCL |
||
| 082 | 0 | 4 |
_aط _b521 _bه ك |
| 100 | 1 | _aهيام خليل | |
| 245 | 1 | 0 |
_aالكون والفضاء / _cهيام خليل |
| 700 | 1 | _aسوسن عبداللطيف | |
| 300 | _a32 ص | ||
| 490 |
_aالسلسلة العلمية _v0 |
||
| 650 | 0 | 4 | _aالفضاء |
| 650 | 0 | 4 | _aالنجوم |
| 650 | 0 | 4 | _aالكواكب |
| 650 | 0 | 4 | _aالاقمار الصناعية |
| 650 | 0 | 4 | _aرحلات الفضاء |
| 650 | 0 | 4 | _aالفضاء الخارجى |
| 650 | 0 | 4 | _aالنظام الشمسى |
| 942 |
_2ddc _cBK |
||
| 999 |
_c51330 _d51330 |
||